MARC details
| 000 -LEADER |
| fixed length control field |
02156aam a22005171i 4500 |
| 001 - CONTROL NUMBER |
| control field |
1950 |
| 003 - CONTROL NUMBER IDENTIFIER |
| control field |
Uk |
| 005 - DATE AND TIME OF LATEST TRANSACTION |
| control field |
20240105090544.0 |
| 006 - FIXED-LENGTH DATA ELEMENTS--ADDITIONAL MATERIAL CHARACTERISTICS |
| fixed length control field |
m || d | |
| 007 - PHYSICAL DESCRIPTION FIXED FIELD--GENERAL INFORMATION |
| fixed length control field |
cr ||||||||||| |
| 008 - FIXED-LENGTH DATA ELEMENTS--GENERAL INFORMATION |
| fixed length control field |
180604s2015 xxk||||jo |||| ||eng |
| 015 ## - NATIONAL BIBLIOGRAPHY NUMBER |
| National bibliography number |
GBB8A8301 |
| Source |
bnb |
| 020 ## - INTERNATIONAL STANDARD BOOK NUMBER |
| International Standard Book Number |
9780545501064 |
| Qualifying information |
Electronic book (EPUB format) |
| 020 ## - INTERNATIONAL STANDARD BOOK NUMBER |
| International Standard Book Number |
9780545501064 |
| Qualifying information |
Electronic book (EPUB format) |
| 020 ## - INTERNATIONAL STANDARD BOOK NUMBER |
| Canceled/invalid ISBN |
9780007553655 |
| Qualifying information |
print |
| 037 ## - SOURCE OF ACQUISITION |
| Stock number |
9780007553662 |
| Source of stock number/acquisition |
HarperCollins Publishers Ltd |
| 040 ## - CATALOGING SOURCE |
| Original cataloging agency |
Uk |
| Language of cataloging |
eng |
| Transcribing agency |
Uk |
| 042 ## - AUTHENTICATION CODE |
| Authentication code |
ukblsr |
| 050 ## - LIBRARY OF CONGRESS CALL NUMBER |
| Classification number |
PZ8.L7387 |
| 082 04 - DEWEY DECIMAL CLASSIFICATION NUMBER |
| Classification number |
813.6 |
| Edition number |
23 |
| 100 1# - MAIN ENTRY--PERSONAL NAME |
| Personal name |
Litwin, Eric, |
| 245 10 - TITLE STATEMENT |
| Title |
Rocking in my school shoes / |
| Statement of responsibility, etc. |
story by Eric Litwin ; art by James Dean (creator of Pete the Cat). |
| 250 ## - EDITION STATEMENT |
| Edition statement |
First Scholastic printing, September 2012 |
| 260 ## - PUBLICATION, DISTRIBUTION, ETC. |
| Place of publication, distribution, etc. |
New York ; |
| Name of publisher, distributor, etc. |
Scholastic ; |
| Date of publication, distribution, etc. |
1999 |
| 300 ## - PHYSICAL DESCRIPTION |
| Extent |
35 unnumbered pages : |
| Other physical details |
color illustrations ; |
| Dimensions |
25 cm |
| 336 ## - CONTENT TYPE |
| Content type term |
text |
| Source |
rdacontent |
| 337 ## - MEDIA TYPE |
| Media type term |
computer |
| Source |
rdamedia |
| 338 ## - CARRIER TYPE |
| Carrier type term |
online resource |
| Source |
rdacarrier |
| 490 0# - SERIES STATEMENT |
| Series statement |
Pete the cat |
| 505 ## - FORMATTED CONTENTS NOTE |
| Formatted contents note |
H<br/> |
| 520 ## - SUMMARY, ETC. |
| Summary, etc. |
Pete the cat wears his school shoes when visiting the library, the lunchroom, the playground, and more while singing his special song. |
| 521 8# - TARGET AUDIENCE NOTE |
| Target audience note |
430<br/> |
| Source |
Lexile AD<br/> |
| 521 8# - TARGET AUDIENCE NOTE |
| Target audience note |
H<br/> |
| Source |
Raz-Plus<br/> |
| 650 #7 - SUBJECT ADDED ENTRY--TOPICAL TERM |
| Topical term or geographic name entry element |
Children's, young adult and educational / Children's and young adult fiction and true stories / Animal stories (Children's/YA). |
| Source of heading or term |
bicssc |
| 650 #0 - SUBJECT ADDED ENTRY--TOPICAL TERM |
| Topical term or geographic name entry element |
Pete the Cat (Fictitious character) |
| Form subdivision |
Pictorial works |
| -- |
Juvenile fiction. |
| 650 #7 - SUBJECT ADDED ENTRY--TOPICAL TERM |
| Topical term or geographic name entry element |
JUVENILE FICTION |
| General subdivision |
General. |
| Source of heading or term |
bisacsh |
| 650 #7 - SUBJECT ADDED ENTRY--TOPICAL TERM |
| Topical term or geographic name entry element |
Children's, young adult and educational / Picture books, activity books and early learning material / Picture books. |
| Source of heading or term |
bicssc |
| 650 #7 - SUBJECT ADDED ENTRY--TOPICAL TERM |
| Topical term or geographic name entry element |
JUVENILE FICTION |
| General subdivision |
Animals |
| -- |
Cats. |
| Source of heading or term |
bisacsh |
| 650 #7 - SUBJECT ADDED ENTRY--TOPICAL TERM |
| Topical term or geographic name entry element |
Juvenile Fiction |
| General subdivision |
General. |
| Source of heading or term |
bisacsh |
| 655 #7 - INDEX TERM--GENRE/FORM |
| Genre/form data or focus term |
Children's stories |
| Form subdivision |
Pictorial works. |
| Source of term |
gsafd |
| 700 1# - ADDED ENTRY--PERSONAL NAME |
| Personal name |
Dean, James, |
| Dates associated with a name |
1957- |
| Relator term |
illustrator |
| 884 ## - DESCRIPTION CONVERSION INFORMATION |
| Conversion process |
LDL ebooks ONIX to marcxml transformation using Record_Load-eBooks_Legal_Deposit_onix2marc_v2-1.xsl |
| Conversion date |
20180604 |
| Identifier of source metadata |
9780007553662 |
| Conversion agency |
Uk |
| 903 ## - LOCAL DATA ELEMENT C, LDC (RLIN) |
| a |
ELD.DS.290224 |
| 942 ## - ADDED ENTRY ELEMENTS (KOHA) |
| Source of classification or shelving scheme |
Dewey Decimal Classification |
| Koha item type |
Books |
| Suppress in OPAC |
No |